00497nam a2200193 a 4500001001300000003000900013005001700022008004100039020002300080082001500103100001700118245002700135260003800162300000900200500003500209505001000244650003200254700001700286nice12345678IN_TiNIC20260116014039.0050524s2003 oxfa grp 000 0 eng  a0631623 c39500a294.5bSMI aSmith, David aHinduism and Modernity aOxfordbBlackwell Pub. Ltd c2003 a250p aincludes index and biblioraphy2 aIndex aHinduism and Culture-Modern1 aSmith, David